00806nam a2200193 a 450000100100000000500170001000800410002704000250006804100130009308200160010624500960012226000460021830000300026450000580029404900090035295201140036195201200047599900170059500001675320200929164945.0100310s1985 dr c 000 0 spa d aDO-SdBNPbspacBNPHU17aspaheng axxxxbC357g00aCatálogo Guzmán de tarjetas postales, sobres y envolturas de la República Dominicana. aSanto Domingo :bImpresos La Fé,c1985. a47 p. :bretrs. ;c21 cm. aPrimer centenario del nacimiento de Juan Pablo Duarte aBNPD 0010718PDaPDbPDcCTd2010-03-10iLF1l0oxxxx C357gp16753-10r2020-06-25w2020-06-25yLFPDZNo se presta 0010718PDaPDbPDcCTd2010-03-10iLF1l0oxxxx C357gp16753-20r2020-06-25te. 2w2020-06-25yLFPDZNo se presta c16285d16285